| 000 -LEADER |
| fixed length control field |
01907nam a2200265 a 4500 |
| 001 - CONTROL NUMBER |
| control field |
ASIN0748637389 |
| 005 - DATE AND TIME OF LATEST TRANSACTION |
| control field |
20170105102927.0 |
| 008 - FIXED-LENGTH DATA ELEMENTS--GENERAL INFORMATION |
| fixed length control field |
131212s2010 xxu eng d |
| 020 ## - INTERNATIONAL STANDARD BOOK NUMBER |
| International Standard Book Number |
0748637389 (hardcover) |
| Terms of availability |
$120.00 |
| 020 ## - INTERNATIONAL STANDARD BOOK NUMBER |
| International Standard Book Number |
9780748637386 (hardcover) |
| 040 ## - CATALOGING SOURCE |
| Original cataloging agency |
0 |
| 050 04 - LIBRARY OF CONGRESS CALL NUMBER |
| Classification number |
BP50 |
| 082 04 - DEWEY DECIMAL CLASSIFICATION NUMBER |
| Classification number |
297.09 |
| Author Mark |
LIV 2010 |
| 245 00 - TITLE STATEMENT |
| Title |
Living islamic history : |
| Remainder of title |
studies in honour of professor carole hillenbrand / |
| Statement of responsibility, etc. |
Yasir Suleiman. |
| 260 ## - PUBLICATION, DISTRIBUTION, ETC. |
| Place of publication, distribution, etc. |
[S.l.] : |
| Name of publisher, distributor, etc. |
Edinburgh University Press, |
| Date of publication, distribution, etc. |
2010. |
| 300 ## - PHYSICAL DESCRIPTION |
| Extent |
336 p. ; |
| Dimensions |
24 cm. |
| 520 ## - SUMMARY, ETC. |
| Summary, etc. |
The publication of this book honours Professor Carole Hillenbrand's outstanding achievements in and service to Islamic and Middle Eastern Scholarship. It gathers original research from a range of leading international scholars from the UK, Europe and the USA whose chapters throw new light on a set of topics in medieval Islamic history, Islamic doctrine and practice, and the interaction between Islam and the modern world. Seeking to present fresh evidence and engaging ways of looking at old and new material, the authors contribute to a richer understanding of the interaction between historical events, social trends, religious practices and lived experiences in medieval Turkey and Central Asia, Iran and the Arabic-speaking lands. The book also discusses how some of the most abiding themes in the Arab-Islamic tradition continue to resonate in the modern world. The book features contributions from: Julia Bray, Edmund Bosworth, Farhad Daftary, Gerhard Endress, Gary Leiser, Remke Kruk, Charles Melville, A. H. Morton, Ian Netton, Andrew Newman, A. Kevin Reinhart and Yasir Suleiman. |
| 650 #0 - SUBJECT ADDED ENTRY--TOPICAL TERM |
| Topical term or geographic name entry element |
Civilization |
| 650 #0 - SUBJECT ADDED ENTRY--TOPICAL TERM |
| Topical term or geographic name entry element |
Islam |
| 650 #0 - SUBJECT ADDED ENTRY--TOPICAL TERM |
| Topical term or geographic name entry element |
Islam and culture |
| 650 #0 - SUBJECT ADDED ENTRY--TOPICAL TERM |
| Topical term or geographic name entry element |
Islamic countries |
| 700 1# - ADDED ENTRY--PERSONAL NAME |
| Personal name |
Suleiman, Yasir. |
| 856 40 - ELECTRONIC LOCATION AND ACCESS |
| Materials specified |
Amazon.com |
| Uniform Resource Identifier |
<a href="http://www.amazon.com/exec/obidos/ASIN/0748637389/chopaconline-20">http://www.amazon.com/exec/obidos/ASIN/0748637389/chopaconline-20</a> |
| 942 ## - ADDED ENTRY ELEMENTS (KOHA) |
| Source of classification or shelving scheme |
|
| Koha item type |
Book |